The Packaging designer's book of patterns
| Main Author: | |
|---|---|
| Other Authors: | |
| Format: | Book |
| Published: |
New York :
Van Nostrand Reinholdd ,
1991
|
| Subjects: |
MARC
| LEADER | 00000cam a2200000 7i4500 | ||
|---|---|---|---|
| 001 | 0000000192 | ||
| 002 | 000000255 | ||
| 005 | 20080114.0 | ||
| 020 | |a 0442005245 | ||
| 090 | 0 | 0 | |a 688.8 |b ROT |
| 100 | 1 | |a Roth, Laszle | |
| 245 | 1 | 4 | |a The Packaging designer's book of patterns |c Laszlo Roth and George L. Wybenga |
| 260 | |a New York : |b Van Nostrand Reinholdd , |c 1991 | ||
| 300 | |a 487p. ; |c 28cm. | ||
| 650 | 0 | 0 | |a Packaging |x Design |
| 700 | 0 | |a Wybenga, George | |
| 999 | |a 027648 |b BUKU |c PINJAMAN |e PERPUSTAKAAN KOMUNITI PETALING JAYA | ||